000 00412nam a2200157Ia 4500
008 230312s9999||||xx |||||||||||||| ||und||
020 _a0 07 11365 4
082 _a005.133
_bHUB-P
100 _aHubbard, John R.
245 0 _aProgramming with JAVA
260 _bMcGraw hill
_aNew York
_c2000
300 _a256
546 _aEng.
650 _aComputer
_vArraya and vectors,Graphics, computer number
942 _cBK
999 _c4814
_d4814